000 00736nam a2200169Ia 4500
008 100122s9999 xx 000 0 und d
082 _b33980
_a822
100 _aसावरकर विनायक दामोदर
245 _aसंगीत उत्तरक्रिया ( क.क्र.26/4 )
260 _bसावरकर प्रकाशन
_c1982
300 _a84
520 _aस्वातंत्र्यवीर सावरकर
620 _aस्वातंत्र्यवीर सावरकर
630 _aसंगीत उत्तरक्रिया ( क.क्र.26/4 )
730 _aसंगीत उत्तरक्रिया ( क.क्र.26/4 )
942 _cBOOK
999 _c417886
_d417883